Summer Olympics Sports - Statistics

General Stats
  • This quiz has been taken 2,531 times
    2,440 since last reset
  • The average score is 22 of 38
Answer Stats
Sport % Correct
Swimming
92%
Athletics
86%
Football
85%
Basketball
81%
Tennis
76%
Gymnastics
72%
Diving
70%
Archery
68%
Volleyball
68%
Cycling
67%
Long Jump
66%
High Jump
64%
Javelin Throw
64%
Table Tennis
64%
Boxing
62%
Wrestling
62%
Judo
61%
Shooting
60%
Badminton
58%
Discus Throw
58%
Shot Put
58%
Field Hockey
57%
Rowing
57%
Fencing
55%
Equestrian
54%
Water Polo
53%
Pole Vault
50%
Weightlifting
50%
Triple Jump
49%
Handball
47%
Hammer Throw
46%
Sailing
44%
Canoe
43%
Taekwondo
41%
Beach Volleyball
40%
Triathlon
38%
Modern Pentathlon
29%
Trampoline
13%
No matching quizzes found
Score Distribution
Percent of People with Each Score
Percentile by Number Answered
Your Score History
You have not taken this quiz since the last reset